Story, performance and event : contextual studies of oral narative

Αποθηκεύτηκε σε:
Λεπτομέρειες βιβλιογραφικής εγγραφής
Κύριος συγγραφέας: Bauman, Richard
Μορφή: Βιβλίο
Γλώσσα:English
Δημοσίευση: Cambridge : Cambridge University Press, 1989
Σειρά:Cambridge studies in oral and literate culture ; ; 10
Θέματα:
Ετικέτες: Προσθήκη ετικέτας
Δεν υπάρχουν, Καταχωρήστε ετικέτα πρώτοι!

MARC

LEADER 00000nam a2200000 i 4500
001 1/3626
008 960328s1989 eng d
020 |a 0-521-31111-X 
035 |l 10015283 
040 |a GR-MY-UA  |b gre  |e aacr 
041 0 |a eng 
082 0 |a 398 
100 1 |a Bauman, Richard. 
245 1 0 |a Story, performance and event :  |b contextual studies of oral narative /  |c Richard Bauman 
260 |a Cambridge :   |b Cambridge University Press,   |c 1989 
300 |a 130 p. 
490 1 |a Cambridge studies in oral and literature culture  |v ; 10 
504 |a Includes bibliographical references and index 
650 0 0 |a Oral tradition. 
650 0 0 |a Folklore  |x Performance. 
650 0 0 |a Storytelling. 
830 0 |a Cambridge studies in oral and literate culture ;  |v ; 10 
852 |a INST  |b LESVOS  |e 19960328  |h 398 BAU  |p 005100006741  |q 005100006741  |t BK  |y 0 
909 |a Λ  |b 044073